[Event "SVK-ch U10"]
[Site "Tatralandia"]
[Date "2025.05.14"]
[Round "5"]
[White "Palun, Marko"]
[Black "Suster, Filip"]
[Result "1-0"]
[WhiteElo "1491"]
[BlackElo "1397"]
[PlyCount "53"]
[EventDate "2025.05.11"]
[EventType "swiss"]
[EventRounds "9"]
[EventCountry "SVK"]
[SourceTitle "CB21_2025"]
[SourceDate "2025.05.21"]
[SourceVersion "1"]
[SourceVersionDate "2025.05.21"]
[SourceQuality "1"]

1. e4 c6 2. Nf3 d5 3. Nc3 d4 4. Ne2 Bg4 5. Nexd4 Qxd4 6. Nxd4 Bxd1 7. Kxd1 e5 8. Nf3 Nf6 9. d3 Bd6 10. Bg5 0-0 11. Bxf6 gxf6 12. d4 Nd7 13. d5 cxd5 14. exd5 e4 15. Nd2 f5 16. c3 Bc5 17. Bb5 Ne5 18. h3 Bxf2 19. Ke2 a6 20. Kxf2 axb5 21. Ke3 Nc4+ 22. Nxc4 bxc4 23. Kd4 Rac8 24. Rhf1 Rfe8 25. Rxf5 e3 26. Re1 e2 27. Rf2 1-0

[Event "SVK-ch U10"]
[Site "Tatralandia"]
[Date "2025.05.11"]
[Round "1"]
[White "Olejnik, Frederik"]
[Black "Suster, Filip"]
[Result "1-0"]
[WhiteElo "1833"]
[BlackElo "1397"]
[PlyCount "55"]
[EventDate "2025.05.11"]
[EventType "swiss"]
[EventRounds "9"]
[EventCountry "SVK"]
[SourceTitle "CB21_2025"]
[SourceDate "2025.05.21"]
[SourceVersion "1"]
[SourceVersionDate "2025.05.21"]
[SourceQuality "1"]

1. e4 c6 2. d4 d5 3. Nc3 dxe4 4. Nxe4 Nf6 5. Nxf6+ exf6 6. Bc4 Bf5 7. Nf3 Bd6 8. 0-0 0-0 9. Be3 Nd7 10. Bd3 Bxd3 11. Qxd3 Re8 12. Rad1 Rc8 13. Rfe1 c5 14. dxc5 Nxc5 15. Qxd6 Qxd6 16. Rxd6 Ne4 17. Rd7 Ng5 18. Bxg5 fxg5 19. Rxe8+ Rxe8 20. h3 Rb8 21. Nxg5 h6 22. Nxf7 Rf8 23. Nd6 Rf6 24. Rxg7+ Kxg7 25. Ne8+ Kf7 26. Nxf6 Kxf6 27. Kh2 a5 28. Kg3 1-0

[Event "SVK-ch U2300"]
[Site "Liptovsky Jan"]
[Date "2024.06.17"]
[Round "6"]
[White "Halas, Oto"]
[Black "Suster, Filip"]
[Result "0-1"]
[WhiteElo "1572"]
[BlackElo "1551"]
[PlyCount "37"]
[EventDate "2024.06.15"]
[EventType "swiss"]
[EventRounds "8"]
[EventCountry "SVK"]
[SourceTitle "CBM 220 Extra"]
[Source "ChessBase"]
[SourceDate "2024.07.31"]
[SourceVersion "1"]
[SourceVersionDate "2024.07.31"]
[SourceQuality "1"]

1. Nf3 d5 2. g3 Bg4 3. Bg2 Nc6 4. 0-0 Nf6 5. d3 e5 6. Nbd2 Bd6 7. e4 d4 8. Nc4 Be7 9. h3 Be6 10. Nfxe5 Nxe5 11. Nxe5 0-0 12. Nc4 c6 13. e5 Nd7 14. Re1 b5 15. Nd6 Bxd6 16. exd6 Qb8 17. Bxc6 Bxh3 18. Bxa8 Qxa8 19. Qh5 0-1

[Event "SVK-ch U2300"]
[Site "Liptovsky Jan"]
[Date "2024.06.16"]
[Round "3"]
[White "Suster, Filip"]
[Black "Keckes, Marian"]
[Result "0-1"]
[WhiteElo "1551"]
[BlackElo "1692"]
[PlyCount "78"]
[EventDate "2024.06.15"]
[EventType "swiss"]
[EventRounds "8"]
[EventCountry "SVK"]
[SourceTitle "CBM 220 Extra"]
[Source "ChessBase"]
[SourceDate "2024.07.31"]
[SourceVersion "1"]
[SourceVersionDate "2024.07.31"]
[SourceQuality "1"]

1. e4 e5 2. Nf3 Nc6 3. Bc4 Nf6 4. Ng5 d5 5. exd5 Na5 6. Bb5+ c6 7. dxc6 bxc6 8. Bd3 Bc5 9. 0-0 0-0 10. Re1 Re8 11. Nc3 Bd4 12. Nce4 Nxe4 13. Nxe4 Re6 14. c3 Bb6 15. Be2 Qh4 16. Bg4 Rg6 17. Bxc8 Rxc8 18. g3 Qh3 19. d3 Rd8 20. Qf3 f5 21. Ng5 Qg4 22. Qxg4 fxg4 23. Rxe5 h6 24. Ne6 Rxd3 25. Be3 Nc4 26. Re4 Nxe3 27. fxe3 Rxe3 28. Rxe3 Bxe3+ 29. Kg2 Rxe6 30. Re1 Kf7 31. a4 Bd2 32. Rf1+ Kg6 33. Rf2 Be1 34. Rf4 h5 35. Rb4 Bd2 36. Rb7 Re2+ 37. Kh1 Be3 38. b4 Re1+ 39. Kg2 Rg1# 0-1